| 000 | 00879cam a22002177i 4500 | ||
|---|---|---|---|
| 999 |
_c13991 _d13991 |
||
| 003 | OSt | ||
| 005 | 20260416163056.0 | ||
| 008 | 131209s2015 at a b 001 0 eng | ||
| 020 | _a9781133108771 | ||
| 050 | 0 | 0 | _aMLCM 2015/42897 (T) |
| 100 | 1 |
_aDunlap, R. A., _eauthor. |
|
| 245 | 1 | 0 |
_aSUSTAINABLE ENERGY / _cRICHARD A. DUNLAP, Dalhousie University. |
| 250 | _aSI EDITION. | ||
| 300 |
_axix, 562 pages : _bcolor illustrations ; _c26 cm |
||
| 504 | _aIncludes bibliographical references and index. | ||
| 650 | 0 | _aRenewable energy sources. | |
| 856 | 4 | 2 |
_3Contributor biographical information _uhttp://www.loc.gov/catdir/enhancements/fy1607/2013957163-b.html |
| 856 | 4 | 2 |
_3Publisher description _uhttp://www.loc.gov/catdir/enhancements/fy1607/2013957163-d.html |
| 856 | 4 | 1 |
_3Table of contents only _uhttp://www.loc.gov/catdir/enhancements/fy1607/2013957163-t.html |
| 942 | _2ddc | ||